The gap between self reliance and dependency in the mission of the Evangelical Baptist Convention in Manipur / (Record no. 10481)
[ view plain ]
| 000 -LEADER | |
|---|---|
| fixed length control field | 00584nam a22001817a 4500 |
| 003 - CONTROL NUMBER IDENTIFIER | |
| control field | GBCCL |
| 005 - DATE AND TIME OF LATEST TRANSACTION | |
| control field | 20241126110733.0 |
| 008 - FIXED-LENGTH DATA ELEMENTS--GENERAL INFORMATION | |
| fixed length control field | 240813b ||||| |||| 00| 0 eng d |
| 040 ## - CATALOGING SOURCE | |
| Transcribing agency | gbc |
| 082 ## - DEWEY DECIMAL CLASSIFICATION NUMBER | |
| Classification number | ARC 2023 |
| Item number | MIN |
| 100 ## - MAIN ENTRY--PERSONAL NAME | |
| Personal name | Minthang, Sonna Vung |
| 9 (RLIN) | 18254 |
| 245 ## - TITLE STATEMENT | |
| Title | The gap between self reliance and dependency in the mission of the Evangelical Baptist Convention in Manipur / |
| Statement of responsibility, etc. | Sonna Vung Minthang |
| 260 ## - PUBLICATION, DISTRIBUTION, ETC. | |
| Place of publication, distribution, etc. | Bengaluru : |
| Name of publisher, distributor, etc. | SAIACS, |
| Date of publication, distribution, etc. | 2023 |
| 300 ## - PHYSICAL DESCRIPTION | |
| Extent | 172pages |
| 440 ## - SERIES STATEMENT/ADDED ENTRY--TITLE | |
| Title | 28cm ; |
| 9 (RLIN) | 18255 |
| 650 ## - SUBJECT ADDED ENTRY--TOPICAL TERM | |
| Topical term or geographic name entry element | Missions |
| Form subdivision | Evangelical Baptist Convention |
| 9 (RLIN) | 18256 |
| 942 ## - ADDED ENTRY ELEMENTS (KOHA) | |
| Source of classification or shelving scheme | Dewey Decimal Classification |
| Koha item type | Thesis |
| Withdrawn status | Lost status | Source of classification or shelving scheme | Damaged status | Not for loan | Home library | Current Library | Shelving location | Date acquired | Total checkouts | Full call number | Barcode | Date last seen | Copy number | Price effective from | Koha item type |
|---|---|---|---|---|---|---|---|---|---|---|---|---|---|---|---|
| Dewey Decimal Classification | GRACE BIBLE COLLEGE | GRACE BIBLE COLLEGE | Archives | 2024-08-13 | ARC 2023 MIN | 025190 | 2025-05-01 | c.1 | 2024-08-13 | Thesis |